Important findings and recommendation on chemical use in aquaculture in Southeast Asia / (Record no. 1280)

MARC details
000 -LEADER
fixed length control field 01003nam a22002297a 4500
005 - DATE AND TIME OF LATEST TRANSACTION
control field 20230217072029.0
008 - FIXED-LENGTH DATA ELEMENTS--GENERAL INFORMATION
fixed length control field 230217b |||||||| |||| 00| 0 eng d
020 ## - INTERNATIONAL STANDARD BOOK NUMBER
International Standard Book Number 978-971-9931-03-4
082 ## - DEWEY DECIMAL CLASSIFICATION NUMBER
Classification number Fil. 639.8 C719 2015
100 ## - MAIN ENTRY--PERSONAL NAME
Personal name Coloso, Relicardo M.
Relator term author
245 ## - TITLE STATEMENT
Title Important findings and recommendation on chemical use in aquaculture in Southeast Asia /
Statement of responsibility, etc. Relicardo M. Coloso, Mae R. Optacutan, Margarita T. Arnaiz
260 ## - PUBLICATION, DISTRIBUTION, ETC.
Place of publication, distribution, etc. Iloilo:
Name of publisher, distributor, etc. Southeast Asian Fisheries Development Center,
Date of publication, distribution, etc. c2015.
300 ## - PHYSICAL DESCRIPTION
Extent x, 34p.
541 ## - IMMEDIATE SOURCE OF ACQUISITION NOTE
Accession number 6358
650 ## - SUBJECT ADDED ENTRY--TOPICAL TERM
Topical term or geographic name entry element Aquaculture industry - Research - Southeast Asia
650 ## - SUBJECT ADDED ENTRY--TOPICAL TERM
Topical term or geographic name entry element Aquaculture industry - Government policy - Southeast Asia
650 ## - SUBJECT ADDED ENTRY--TOPICAL TERM
Topical term or geographic name entry element Aquaculture industry - Law and legislation - Southeast Asia
650 ## - SUBJECT ADDED ENTRY--TOPICAL TERM
Topical term or geographic name entry element Antibiotics in aquaculture - Research - Southeast Asia
650 ## - SUBJECT ADDED ENTRY--TOPICAL TERM
Topical term or geographic name entry element Antibiotics in aquaculture - Law and legislation - Southeast Asia
700 ## - ADDED ENTRY--PERSONAL NAME
Personal name Optacutan, Mae R.
Relator term author
700 ## - ADDED ENTRY--PERSONAL NAME
Personal name Arnaiz, Margarita T.
Relator term author
Holdings
Withdrawn status Lost status Source of classification or shelving scheme Damaged status Not for loan Home library Current library Date acquired Total Checkouts Full call number Barcode Date last seen Copy number Price effective from Koha item type
    Dewey Decimal Classification     ctu-moalboal ctu-moalboal 10/14/2019   Fil. 639.8 C719 2015 6358 02/17/2023 1 02/17/2023 Books-Filipiniana